Príprava etyléterov glycerolu diplomová práca

Salvato in:
Dettagli Bibliografici
Autore principale: Mikesková, Natália
Natura: Libro
Lingua:slovacco
Pubblicazione: Bratislava STU FCHPT 2015
Accesso online:Visualizza in OPAC
Tags: Aggiungi Tag
Nessun Tag, puoi essere il primo ad aggiungerne!!

MARC

LEADER 00000nam a2200000 a 4500
005 20260127134118.0
008 160712 2015 000 0 slo d
035 |a vtls011566431 
039 9 |y 201607121446  |z mschk03 
040 |a STUSCHK1  |b slo  |c STUSCHK1  |e AACR2 
100 1 |a Mikesková, Natália 
245 1 |a Príprava etyléterov glycerolu  |b diplomová práca  |c Natália Mikesková 
260 |a Bratislava  |b STU FCHPT  |c 2015 
300 |a 79 s.  |b il.  |c 25 cm 
500 |a Študijný program: chemické technológie 
500 |a Študijný odbor: chemické technológie 
500 |a Školiace pracovisko: Oddelenie organickej technológie 
500 |a Evid. číslo: FCHPT-5439-68572 
910 |a SCHK95 
999 |c 4334  |d 4334